Problemas de Química Orgánica (Record no. 144949)

MARC details
000 -LEADER
campo de control de longitud fija 00648nam a2200193 4500
001 - NÚMERO DE CONTROL
campo de control 144949
003 - IDENTIFICADOR DE NÚMERO DE CONTROL
campo de control ES-MaACL
007 - CAMPO FIJO DE DESCRIPCIÓN FÍSICA--INFORMACIÓN GENERAL
campo de control de longitud fija t|
008 - DATOS DE LONGITUD FIJA--INFORMACIÓN GENERAL
campo de control de longitud fija 070214s1955 sp r ||||1| spa d
100 1# - ENTRADA PRINCIPAL--NOMBRE DE PERSONA
Nombre de persona Smith, J. L. B.
9 (RLIN) 106887
245 10 - MENCIÓN DEL TÍTULO
Título Problemas de Química Orgánica
Resto del título : numéricos y de constitución /
Mención de responsabilidad, etc. J. L. B. Smith y M. Rindl ; versión española de Antonio López Campillo.
250 ## - MENCION DE EDICION
Mención de edición 1ª ed. española.
260 ## - PUBLICACIÓN, DISTRIBUCIÓN, ETC.
Lugar de publicación, distribución, etc. Madrid :
Nombre del editor, distribuidor, etc. Alhambra,
Fecha de publicación, distribución, etc. 1955 (
Fabricante Jura)
300 ## - DESCRIPCIÓN FÍSICA
Extensión VIII, 207 p. ;
Dimensiones 20 cm.
700 1# - ENTRADA AGREGADA--NOMBRE PERSONAL
Nombre de persona López Campillo, Antonio
9 (RLIN) 73484
700 1# - ENTRADA AGREGADA--NOMBRE PERSONAL
Nombre de persona Rindl, M.
9 (RLIN) 97274
852 ## - LOCALIZACIÓN
Ubicación ES-MaACL
Número de control de estantería C-9731
Sublocalización o colección R.37327
Holdings
Estatus retirado Estado de pérdida Estado de daño No para préstamo Biblioteca de origen Biblioteca actual Ubicación en estantería Fecha de adquisición Fuente de adquisición Total de préstamos Signatura topográfica completa Código de barras Visto por última vez Precio de reemplazo Tipo de ítem Koha
        Biblioteca del Ateneo de Madrid Biblioteca del Ateneo de Madrid Sala Palomar 17/01/2008     C-9731 1151252 23/02/2023 23/02/2023 Libro impreso